[Event "36th European Club Cup 2021"]
[Site "Struga"]
[Date "2021.09.19"]
[Round "2.1"]
[White "Indjic, Aleksandar"]
[Black "Mamedyarov, Shakhriyar"]
[Result "0-1"]
[WhiteElo "2629"]
[BlackElo "2762"]
[Annotator "TA"]
[PlyCount "138"]
[EventDate "2021.09.18"]
[EventType "team-tourn"]
[EventCountry "MKD"]
[SourceTitle "playchess.com"]
[Source "ChessBase"]
[SourceQuality "1"]

{[%evp 9,138,14,18,18,27,28,27,25,25,26,26,22,33,25,33,0,62,58,52,41,68,54,67,
59,62,49,45,25,31,39,45,31,58,50,58,36,12,-12,-1,-11,0,-44,-45,-34,0,0,0,0,0,0,
0,0,0,0,0,0,0,0,0,0,0,0,0,0,0,0,0,-53,-81,-20,0,-35,0,0,0,-84,0,0,0,0,0,-2603,
-2202,-522,0,-402,-395,-429,-424,-406,0,-122,0,-399,-161,-284,-284,-284,-208,
-244,-248,-650,-585,-534,-55,-245,-229,-241,-181,-356,-210,-344,-40,-585,-580,
-554,-549,-508,-481,-1233,-598,-578,-496,-12837,-12837,-12837,-12837,-12837,
-12837,-12837,-474]} 1. d4 d5 2. c4 e6 3. Nf3 a6 4. cxd5 exd5 5. Nc3 Nf6 6. Bg5
{D37: Queen's Gambit Declined: 5 Bf4.} Be6 7. e3 Nbd7 8. h3 {White has an edge.
} c6 $5 {[%mdl 4] Exploring less charted territory.} 9. Bd3 Bd6 10. Bf4 Qc7 11.
Qd2 h6 {[#]} 12. b4 $146 ({Predecessor:} 12. Rc1 g5 13. Bxd6 Qxd6 14. a3 a5 15.
Qc2 O-O 16. Ne2 Rac8 17. O-O c5 18. dxc5 Nxc5 {1-0 (36) Grischuk,A (2777)
-Cardoso Cardoso,J (2414) Chess.com INT 2020}) 12... g5 (12... Bxf4 $11 13.
exf4 Nb6) 13. Bxd6 $14 Qxd6 14. a4 {[%cal Ba2a4,Ba4a5][%mdl 32]} Rg8 15. Qb2
Ke7 16. a5 Rae8 17. Nd2 (17. Na4 {looks sharper.} Qc7 18. Nc5 Kf8 19. Qc2 Re7
20. Nd2) 17... Kf8 18. Ne2 h5 19. g3 Qe7 20. Nc3 {[%cal Be2c3,Bc3a4,Ba4c5]
[%mdl 32]} Kg7 21. Na4 Nf8 22. Nf3 Ne4 23. Nc5 Bf5 24. O-O-O f6 25. Nd2 (25.
Ng1 {is more complex.} Ne6 26. Bxe4 Bxe4 27. Nxe4 dxe4 28. Ne2) 25... Nxf2 26.
Bxf5 {Hoping for e4.} Nxh1 27. Rxh1 Qxe3 28. g4 hxg4 29. hxg4 Rh8 30. Rxh8 Kxh8
31. Kc2 Qf4 32. Qc3 Re3 $36 {[%mdl 2048] White is under pressure.} 33. Nd3 Qh2
34. Qc5 {[%cal Rc5f8]} Kg8 35. Nc1 Qc7 36. Qb6 Qe7 37. Ncb3 Ne6 38. Bxe6+ (38.
Nf1 $11 Re2+ 39. Nfd2) 38... Rxe6 $15 39. Nc5 Qh7+ 40. Kb2 Re2 41. Qd8+ Kf7 (
41... Kg7 $2 42. Ne6+ $1 {[%mdl 512]} Rxe6 43. Qd7+ Kg8 44. Qxe6+ Qf7 45. Qc8+
Kh7 46. Nb3 $18) 42. Qc7+ (42. Kc1 $11 {remains equal.}) 42... Re7 (42... Kg6
$17 43. Qxh7+ Kxh7) 43. Qb8 Qh4 44. Nxb7 Qxg4 45. Kc2 $2 {[%mdl 8192]} (45.
Nd6+ $11 Kg7 46. Qd8) 45... Qf5+ $19 46. Kd1 Qg4+ 47. Kc2 Kg7 48. Nc5 {
intending Qd6.} Qf5+ $1 49. Kd1 Qg4+ (49... Re3 $19 {is more deadly.} 50. Qb7+
Kg6 51. Qxc6 g4 52. Qxa6 (52. Qa8 $2 g3 $19) 52... g3) 50. Kc2 $17 Qf5+ $2 {
[%mdl 8192]} (50... Re3 $17 51. Qb6 Qf5+ 52. Kb2 Qf2) 51. Kd1 $1 $19 Qf2 (51...
Re3 $142 52. Qb7+ Kg6 53. Qxc6 Qg4+ {[%mdl 64] Double Attack} 54. Kc2 Qxd4) 52.
Qd6 (52. Qc8 {is a better defense.}) 52... Re1+ $1 (52... Re2 53. Ncb3 $17) 53.
Kc2 {Black must now prevent Qd7+.} Qf5+ (53... Qxd4 54. Ne6+ Rxe6 55. Qxe6 $11)
54. Kb2 Re2 55. Kc3 (55. Ncb3 Qd3 56. Kc1) 55... Re3+ 56. Kb2 {[#]} Qf2 $2 ({
Less strong is} 56... Re2 57. Ncb3 $17) (56... g4 $1 $19 57. Qxc6 g3 58. Qc7+
Kh6) 57. Kc2 $2 {[#]} (57. Ncb3 $15) 57... Re2 $1 {[%cal Re2d2]} 58. Ncb3 Qf5+
59. Kd1 $2 (59. Kb2) 59... Re8 (59... Re3 $142 {And now ...g4 would win.} 60.
Nc1 Qg4+ 61. Kc2 Qxd4 62. Qxc6 Qxb4 63. Qxd5 Rc3+ 64. Kd1 Rc7) 60. Nc5 (60. Qg3
{was called for.}) 60... g4 $2 ({Better is} 60... Re3 $19 {...g4 is the strong
threat.} 61. Qxc6 g4 62. Qc7+ (62. Nxa6 $2 g3 $19) 62... Kg6) 61. Qxc6 $2 {
[%mdl 8192]} (61. Qg3 $1 $15) 61... Re3 {Black is clearly winning.} 62. Qc7+
Kg6 63. Qd8 g3 64. Nd7 ({Don't play} 64. Qg8+ Kh6 $19) (64. b5 $142 Kh7 65. Nd7
) 64... g2 (64... Qg4+ $142 65. Kc1 Qxd4 66. Qg8+ Kf5 67. Qh7+ Kg4 68. Qg6+ Kh3
69. Qh7+ Kg2) 65. Qg8+ Kh6 66. Nf8 (66. Qxg2 $142 Qxd7 67. Qh2+ Rh3 68. Qf4+
Kg7 69. Nf3) 66... Qf1+ 67. Kc2 Qd3+ {[%mdl 64] Double Attack} 68. Kd1 {[#]}
Re1+ $1 {[%mdl 576] Decoy, Clearance, Promotion} 69. Kxe1 Qe3+ {Weighted Error
Value: White=0.41/Black=0.44} 0-1

[Event "36th European Club Cup 2021"]
[Site "Struga"]
[Date "2021.09.19"]
[Round "2.2"]
[White "Shankland, Sam"]
[Black "Ivanisevic, Ivan"]
[Result "1/2-1/2"]
[WhiteElo "2720"]
[BlackElo "2582"]
[Annotator "TA"]
[PlyCount "170"]
[EventDate "2021.09.18"]
[EventType "team-tourn"]
[EventCountry "MKD"]
[SourceTitle "playchess.com"]
[Source "ChessBase"]
[SourceQuality "1"]

{[%evp 12,170,24,25,43,39,49,39,50,41,40,35,47,39,52,45,86,78,92,85,81,30,39,
35,30,39,28,38,50,35,27,45,41,28,55,34,37,11,22,23,-141,64,66,-6,0,0,0,-11,0,0,
0,-70,8,10,81,79,95,106,86,21,78,14,50,19,1,0,0,0,0,0,145,122,112,122,113,115,
122,112,152,0,0,0,0,0,0,0,0,0,0,0,0,0,0,0,0,0,0,0,0,0,31,31,31,33,22,12,31,12,
12,12,62,59,74,70,78,0,17,17,17,31,31,31,31,0,0,0,0,0,0,0,0,0,0,0,0,0,0,0,0,0,
0,0,0,0,0,0,0,0,0,0,0,0,0,0,0,0,0,0,0,0,0]} 1. d4 d5 2. c4 c6 3. Nf3 Nf6 4. Nc3
e6 5. Bg5 h6 6. Bh4 Nbd7 7. e3 g5 $1 {[%mdl 4] is now more promising than 7...
Be7. D51: Queen's Gambit Declined: 4 Bg5 Nbd7 sidelines.} 8. Bg3 Nh5 9. Qc2
Nxg3 {White is slightly better.} 10. hxg3 Bg7 11. O-O-O Qe7 12. Kb1 O-O 13. Be2
{[#]} b5 $146 ({Predecessor:} 13... Rd8 14. Ne5 Nxe5 15. dxe5 Bxe5 16. Rxh6 Bg7
17. Rh5 b5 18. cxb5 Bd7 19. f4 gxf4 20. gxf4 cxb5 {1-0 (33) Kashlinskaya,A 
(2488)-Galliamova,A (2442) Krasnaya Polyana 2021}) 14. cxb5 Bb7 15. bxc6 Bxc6
16. Bb5 (16. Rc1 $16) 16... Bxb5 $11 17. Nxb5 Rfc8 18. Nc3 a5 {[%cal Ba7a5,
Ba5a4][%mdl 32]} 19. Rc1 a4 20. Qd3 Nb6 21. Rc2 Nc4 22. Rhc1 Qb7 23. Ka1 Rcb8 {
[%cal Rc4b2]} 24. Rb1 Na5 25. a3 Nb3+ 26. Ka2 Ra5 27. Nd2 (27. Rh1 $14) 27...
e5 28. dxe5 Bxe5 29. Nf3 {[#]} Nc5 $1 30. Qe2 $1 Bg7 31. Nd4 {[#]} ({White
should try} 31. Rd1 $1 $11) 31... Nb3 ({Inferior is} 31... Bxd4 32. exd4 Ne4
33. Nxe4 $16 (33. Ka1 Raa8 $16)) (31... Qb3+ $1 $15 32. Ka1 (32. Nxb3 axb3+ 33.
Ka1 bxc2 $17) 32... Qb6) 32. Rd1 Nxd4 (32... Qb6 $1 $11) 33. exd4 $16 Ra6 34.
Kb1 Bf8 35. Kc1 (35. Ka1 $16) 35... Rc6 (35... Re6 $11 36. Qd3 Qb3) 36. Rd3 (
36. Nxa4 $16 Bxa3 37. Rxc6 Qxc6+ {[%mdl 64] Double Attack} 38. Qc2) 36... Rc4
37. Kd1 Bg7 38. Qd2 Qb3 39. Qe3 Rbc8 40. Rdd2 Bf8 {[#]} (40... R8c6 $11 {
remains equal.}) 41. Nxa4 $1 {[%mdl 576] Discovered Attack, Remove Defender}
Qxa4 42. b3 {[%mdl 64] Double Attack} Qxa3 43. bxc4 {Hoping for Qxa3.} Qa1+ {
[#]} 44. Ke2 $1 ({Stronger than} 44. Rc1 Qa4+ 45. Rcc2 Bb4 $17) 44... Bb4 45.
cxd5 $2 (45. Rd1 $16 Qa4 46. Qd3 dxc4 47. Qf5) 45... Qa6+ $11 46. Qd3 Re8+ 47.
Kf3 Qf6+ 48. Kg4 {Re2 is the strong threat.} Bxd2 49. Rxd2 {[%mdl 4096]
Endgame KQR-KQR} Re1 $1 {( -> ...h5+!)} 50. f4 gxf4 51. gxf4 {And now Qf5
would win.} h5+ 52. Kf3 Qh4 53. d6 Rg1 ({Much worse is} 53... Qg4+ $6 54. Kf2
$16) 54. d7 {Threatens to win with Qf5.} (54. f5 {keeps more tension.} Qg4+ 55.
Ke3 Qg3+ 56. Ke4 Qxd6 57. Kf3) 54... Qg4+ {[%mdl 64] Double Attack} 55. Ke3
Qxd7 {Strongly threatening ...Qe6+.} (55... Qe6+ {is more complex.} 56. Kf3
Qg4+) 56. Kf2 $36 {[%mdl 2048] White is pushing.} Rh1 57. Qg3+ Kh7 58. Qg5 Qc8
(58... Qe6 {looks sharper.} 59. Re2 Qb3 60. Qc5 Kg7 61. Qc2 Qa3) 59. Qf6 Qc4
60. Re2 h4 (60... Qb3 {with more complications.} 61. Qf5+ Kg7 62. Qe5+ Kg6 63.
Qg5+ Kh7) 61. Qf5+ Kg7 62. Qe5+ Kh7 63. d5 (63. Re1 $16 Rxe1 64. Kxe1) 63...
Qd3 {[%csl Gh4][%cal Rd3g3]} (63... h3 {is more complex.} 64. Qh5+ Kg7 65. Qg5+
Kh7 66. Qe5 hxg2 67. Kxg2 Rd1) 64. Qe4+ Qxe4 65. Rxe4 {aiming for Re1. KR-KR}
Rd1 66. Re5 f6 67. Re7+ Kg6 {The position is equal.} 68. Rd7 Kf5 69. Ke3 Re1+
70. Kf2 Rd1 71. Ke2 (71. Rh7 {keeps more tension.} Kxf4 72. Rxh4+ Kf5 73. Rh5+
Ke4 74. Rh4+) 71... Rd4 72. Ke3 Re4+ 73. Kd3 Rxf4 74. Re7 Rf1 75. Re2 Rd1+ 76.
Kc4 Kf4 77. Kc5 f5 78. d6 Kg3 79. Kc6 f4 80. d7 f3 81. gxf3 Kxf3 82. Re6 Rxd7
83. Kxd7 h3 84. Rh6 Kg2 85. Rxh3 Kxh3 {Weighted Error Value: White=0.14/
Black=0.14} 1/2-1/2

[Event "36th European Club Cup 2021"]
[Site "Struga"]
[Date "2021.09.19"]
[Round "2.3"]
[White "Miladinovic, Igor"]
[Black "Dubov, Daniil"]
[Result "0-1"]
[WhiteElo "2536"]
[BlackElo "2714"]
[Annotator "TA"]
[PlyCount "141"]
[EventDate "2021.09.18"]
[EventType "team-tourn"]
[EventCountry "MKD"]
[SourceTitle "playchess.com"]
[Source "ChessBase"]
[SourceQuality "1"]

{[%evp 9,141,12,9,4,11,2,14,8,4,-1,12,13,29,8,20,0,29,21,33,0,14,-4,7,17,22,13,
35,0,5,-8,-18,-38,-32,-24,0,-31,-11,-19,-18,-113,-118,-165,-156,-271,-241,-219,
-257,-222,-227,-322,-198,-192,-132,-131,-126,-82,0,0,0,0,16,31,24,32,35,0,0,0,
0,0,102,0,0,0,0,0,0,0,0,-32,-32,-32,-34,-85,-34,-40,0,-18,0,0,0,-78,0,0,0,-4,0,
0,0,-23,0,0,0,-8,-8,-12,0,-39,-54,-595,-595,-572,-571,-566,-525,-951,-932,
-29945,-1361,-29945,-29968,-29978,-29979,-29978,-29979,-29979,-29980,-29982,
-29983,-29982,-29981,-29992,-29993,-29999]} 1. d4 Nf6 2. Bg5 Ne4 3. Bf4 d5 4.
e3 Bf5 5. Nd2 e6 6. Nxe4 {A45: Trompowsky Attack.} Bxe4 7. c3 Nd7 8. Nf3 {
The position is equal.} Be7 9. Bd3 {[#]} h5 $146 ({Predecessor:} 9... f5 10.
Ne5 Bxd3 11. Qxd3 O-O 12. O-O-O Nb6 13. h4 Bd6 14. Rdg1 Bxe5 15. Bxe5 Nc4 {
0-1 (39) Lange,S (2094)-Breustedt,W (2265) Bad Bevensen 2002}) 10. h3 Bxd3 11.
Qxd3 c5 12. Ne5 O-O 13. Qe2 h4 14. g3 Nxe5 15. Bxe5 f6 16. Bf4 hxg3 17. Bxg3
Qa5 18. Rg1 Rf7 19. dxc5 Bxc5 20. a3 Qa4 21. Rd1 Re8 22. Qh5 Qc2 23. Rd2 Qe4
24. Bf4 (24. Ke2 $11 {keeps the balance.}) 24... e5 $1 $17 {[%cal Re5f4]} 25.
Bh6 {aiming for Rxg7+!} Bf8 26. Rg6 (26. f3 $17 {was forced.} Qb1+ 27. Kf2)
26... d4 27. f3 Qb1+ 28. Kf2 dxc3 29. bxc3 Qc1 30. e4 Qxc3 (30... Rc8 $1 $19
31. Kg2 Rxc3) 31. Kg3 Rc8 ({Don't play} 31... Bxa3 $6 32. Bxg7 Rxg7 33. Rd7 $11
) 32. Kh2 Qb3 (32... Rc6 $17) 33. Rdg2 $1 $11 {Bd2 is the strong threat.} Rc2 (
{Wrong is} 33... Qxa3 $2 34. Bd2 $18) 34. Bd2 {Threatening mate with Rh6.} Rxd2
35. Rxd2 Qe3 36. Rd8 Qxa3 37. Rg2 a5 {[%cal Ba7a5,Ba5a4,Ba4a3][%mdl 32]} 38.
Qf5 a4 39. Qe6 Qe7 (39... Qxf3 $11 {remains equal.} 40. Rxf8+ Kxf8 41. Qc8+ Ke7
) 40. Qd5 ({Only move:} 40. Qxe7 $1 $16 {Intending Rxf8+! and mate.} Rxe7 41.
Rc2) 40... a3 41. Rc2 g6 42. Rcc8 Kg7 $1 43. Rb8 {Strongly threatening Rxf8!}
Qc5 {Threatens to win with ...Qf2+.} 44. Qxc5 (44. Kg2 {feels hotter.} f5 45.
h4 Qxd5 46. Rxd5 fxe4 47. fxe4 Rc7 48. Ra8) 44... Bxc5 {[%mdl 4096] Endgame
KRR-KRB} 45. Rg8+ Kh6 46. Kg3 (46. Ra8 $15) 46... Rd7 ({Better is} 46... b6 $1
$17 {White must now prevent ...Ra7.} 47. Ra8 b5) 47. h4 Kh7 48. Rgc8 Ba7 (48...
Be7 {is more complex.} 49. Ra8 b5 50. Rcb8 b4 51. Kf2 Bd6) 49. Rh8+ Kg7 50.
Rbg8+ Kf7 51. Ra8 Bc5 52. Rhc8 Be7 (52... Bb4 {is interesting.} 53. Rcb8 Ke6
54. Re8+ Re7 55. Rg8 Rc7) 53. Rcb8 Ke6 54. Rg8 Rd1 55. Kh3 b5 56. Rgb8 b4 57.
Rb6+ Bd6 $1 58. Rb7 {Hoping for Re8+.} (58. Raa6 $5 {[%cal Rb6b4]}) 58... f5 {
And now ...Rd3 would win.} 59. Ra6 $2 {[%mdl 8192] This costs White the game.}
(59. Raa7 $1 $15) 59... fxe4 $1 $19 60. fxe4 {[#]} Rd3+ $1 61. Kg4 {
Threatening Rxb4.} b3 62. Kg5 b2 63. Kxg6 Rg3+ (63... Rd1 $142 64. Kg5 b1=Q 65.
Rxb1 Rxb1 66. Kg4 Ra1 67. Kg3 a2 68. Kh2 Ke7 69. Ra7+ Kf8 70. h5 Bc5 71. Ra5
Bg1+ 72. Kg3 Bb6 73. Ra8+ Kg7 74. Kh2 Bg1+ 75. Kg3 Kh7 76. Ra6 Bd4 77. Kh2 Be3
78. Kg3 {[#]} Bb6 $1 {[%mdl 512]} 79. Kh2 Bd4 80. h6 Bg1+ 81. Kg3 Bc5 82. Kh2
Bd4 83. Ra8 Kxh6 84. Rh8+ Kg5 85. Rg8+ Kf4 86. Rf8+ Kxe4 87. Ra8 Kd5 88. Rg8
Rd1 89. Ra8 a1=Q 90. Rxa1 Rxa1 91. Kg3 Ke4 92. Kg4 Rg1+ 93. Kh5 Be3 94. Kh4 Kf3
95. Kh5 Bf4 96. Kh4 Rh1#) 64. Kh7 Rg1 {Black mates.} 65. h5 b1=Q 66. Rxb1 Rxb1
67. h6 {[#]} Kf7 $1 68. Ra7+ (68. Rxd6 a2) 68... Be7 69. Ra5 Rc1 70. Kh8 Kg6 {
[%cal Rc1c8]} 71. Ra4 {Weighted Error Value: White=0.25/Black=0.12} 0-1

[Event "36th European Club Cup 2021"]
[Site "Struga"]
[Date "2021.09.19"]
[Round "2.4"]
[White "Kryvoruchko, Yuriy"]
[Black "Perunovic, Milos"]
[Result "1-0"]
[WhiteElo "2689"]
[BlackElo "2566"]
[Annotator "TA"]
[PlyCount "79"]
[EventDate "2021.09.18"]
[EventType "team-tourn"]
[EventCountry "MKD"]
[SourceTitle "playchess.com"]
[Source "ChessBase"]
[SourceQuality "1"]

{[%evp 17,79,4,11,0,8,13,9,2,26,13,11,11,11,14,18,16,11,14,26,22,34,25,41,20,
34,19,137,137,129,127,133,124,175,156,171,139,128,139,443,288,283,277,256,222,
218,227,222,226,221,226,228,225,208,214,300,300,293,293,297,297,314,306,299,
285]} 1. e4 c5 2. Nf3 e6 3. c4 Nc6 4. d4 cxd4 5. Nxd4 Nf6 6. Nc3 Bb4 7. Nxc6
bxc6 8. Bd3 e5 9. O-O O-O 10. Bd2 {10.h3 is the recent fashion. B44: Sicilian:
Taimanov: 5 Nb5.} d6 11. Na4 $5 {[%mdl 4] An interesting side line.} Bxd2 12.
Qxd2 {The position is equal.} d5 13. cxd5 cxd5 14. exd5 Qxd5 {[#] White must
now prevent ...e4.} 15. Rfd1 $146 ({Predecessor:} 15. Nc3 Qc6 16. f3 Qb6+ 17.
Qf2 Rd8 18. Qxb6 axb6 19. Bc4 Bb7 20. Rae1 Rd4 21. Bb3 {1-0 (70) Munoz Pantoja,
M (2462)-Ruperez,M (2121) Barcelona 2021}) 15... Bb7 {[%csl Gb7][%cal Rd5g2]}
16. Bf1 Qxd2 17. Rxd2 Bc6 18. Nc5 Rab8 19. Re1 Rfe8 20. b3 h5 21. f3 Nd5 {[#]}
(21... e4 $11 {keeps the balance.}) 22. Nd7 $1 $16 {[%cal Rd7b8][%mdl 512]}
Rbd8 23. Nxe5 Bb7 24. Bc4 Kf8 (24... g5 $16 25. h4 f6) 25. Kf2 $18 g5 26. h4
gxh4 27. Rd4 Nc3 $2 {[%mdl 8192] This costs Black the game.} (27... Nb6 $16 {
is a better chance.} 28. Rxh4 (28. Rxd8 Rxd8 29. Bxf7 Rd2+ 30. Re2 Rxe2+ 31.
Kxe2 Nd7 $16) 28... Rd2+ 29. Kg3 Nxc4 30. bxc4 f6) 28. Rd7 {[%mdl 64] Double
Attack} Bd5 29. Bxd5 (29. Rxa7 $6 Bxc4 30. Nxc4 Rxe1 $16) 29... Nxd5 30. Rd1
Nc3 31. R1d3 (31. Rxd8 $6 Nxd1+ 32. Rxd1 Rxe5 $16) 31... Rxd7 32. Nxd7+ Ke7 33.
Rxc3 Kxd7 {[%mdl 4096] Endgame [#] KR-KR} 34. Rc5 Re6 35. Ra5 ({Don't do} 35.
Rxh5 Ra6) 35... a6 (35... Rc6 {was called for.} 36. Rxa7+ Ke6) 36. Rxh5 {
White has a decisive advantage.} Rc6 37. Kg1 ({Less strong is} 37. Rxh4 Rc2+
38. Kg3 Rxa2 $16) 37... Rc2 38. Ra5 ({Weaker is} 38. Rxh4 Rxa2 39. Ra4 Rb2 $16)
38... Rc6 39. Kh2 Kc7 40. Ra4 {Weighted Error Value: White=0.10/Black=0.29} 1-0

[Event "36th European Club Cup 2021"]
[Site "Struga"]
[Date "2021.09.19"]
[Round "2.5"]
[White "Miljkovic, Miroslav D"]
[Black "Inarkiev, Ernesto"]
[Result "0-1"]
[WhiteElo "2470"]
[BlackElo "2663"]
[Annotator "TA"]
[PlyCount "114"]
[EventDate "2021.09.18"]
[EventType "team-tourn"]
[EventCountry "MKD"]
[SourceTitle "playchess.com"]
[Source "ChessBase"]
[SourceQuality "1"]

{[%evp 9,114,16,32,20,30,11,24,12,22,3,18,7,18,-2,13,-4,-4,-4,-4,-4,-4,-4,0,-4,
-4,-12,-12,-25,-16,-18,-7,-6,-5,-35,0,-35,-35,-35,-35,-35,-35,-35,-35,-33,-26,
-26,-25,-32,-15,-16,-14,-18,0,0,0,-11,0,-22,-15,-13,-13,-31,-37,-33,-41,-45,
-45,-45,-45,-45,0,0,0,0,0,0,0,0,0,-19,-8,-8,0,0,0,-185,-185,-185,-185,-185,
-162,-454,-491,-425,-417,-471,-475,-29976,-503,-29978,-29979,-29949,-29963,
-29992,-29993,-29996,-29997]} 1. d4 d5 2. c4 e6 3. Nc3 Bb4 4. cxd5 exd5 5. Bf4
Ne7 6. e3 {D31: Queen's Gambit Declined: Semi-Slav without ...Nf6 (+ Marshall
Gambit and Noteboom) and Exchange Variation lines without ...Nf6.} c6 7. Bd3
Bf5 8. Nge2 {White has an edge.} O-O 9. O-O Re8 10. a3 Bd6 {[#]} 11. Rc1 $146 (
{Predecessor:} 11. b4 a6 12. Bxd6 Qxd6 13. Nf4 Nd7 14. Qc2 Bxd3 15. Nxd3 Nf6
16. Qe2 Nf5 17. Qf3 {0-1 (38) Pratyusha,B (2278)-Ochsner,B (2447) Villorba 2019
}) 11... a5 12. Na4 Bxd3 13. Qxd3 Nc8 14. Nc5 Qe7 15. Qc2 Na6 16. Nxa6 (16. Qc3
{is interesting.} Bc7 17. Rfe1 Nd6 18. Nd3 Nc4 19. Qb3) 16... Rxa6 17. Rfe1 Ra8
18. a4 Bb4 19. Red1 h5 20. h3 h4 21. Qf5 Qe6 22. Qxe6 (22. Qh5 {keeps more
tension.} Be7 23. Bh2 Nd6 24. Nf4 Qf5 25. Qe2) 22... Rxe6 23. Bg5 Be7 24. Bxe7
Rxe7 25. Rb1 Nd6 26. b4 axb4 27. Rxb4 Nc4 28. Nf4 b6 29. Nd3 Ra6 30. Nb2 Nd6
31. Rc1 Rc7 32. Nd3 g5 33. Rb3 Nc4 34. Nb2 Na5 35. Rbc3 f6 36. R1c2 Kf7 37. Nd3
Ra8 38. Nb4 Nc4 39. e4 $1 Ke6 40. exd5+ cxd5 41. Re2+ Kd6 42. Rf3 Rf7 43. Rf5
Rxa4 44. Nxd5 Ra5 $36 {[%mdl 2048] Black fights for an advantage.} 45. Rxf6+
Rxf6 46. Nxf6 $11 {[%mdl 4096] Endgame KRN-KRN} b5 47. Rc2 $2 {[#]} (47. Kf1
$11 {and White stays safe.}) 47... Ke6 $1 $19 {[%cal Re6f6]} 48. Ne4 Kd5 $1 {
[%csl LRd4,LRe4]} 49. Nc5 Ra3 ({Don't go for} 49... Kxd4 $2 50. Nb3+ Kd5 {[#]}
51. Rxc4 $1 $18 {[%mdl 512]}) 50. f4 $2 (50. Rc1 {was worth a try.}) 50... gxf4
51. Rc1 Ne3 52. Rb1 Ra2 53. Rxb5 (53. Nd3 $19 Rxg2+ 54. Kh1) 53... Rxg2+ 54.
Kh1 f3 {Black mates.} 55. Ne6+ Kc6 56. Rb1 Nf5 {[%cal Rf5g3]} 57. Rc1+ Kd6 {
[%cal Rf5g3] Weighted Error Value: White=0.35/Black=0.04} 0-1

[Event "36th European Club Cup 2021"]
[Site "Struga"]
[Date "2021.09.19"]
[Round "2.6"]
[White "Predke, Alexandr"]
[Black "Stankovic, Milos"]
[Result "1-0"]
[WhiteElo "2662"]
[BlackElo "2409"]
[Annotator "TA"]
[PlyCount "77"]
[EventDate "2021.09.18"]
[EventType "team-tourn"]
[EventCountry "MKD"]
[SourceTitle "playchess.com"]
[Source "ChessBase"]
[SourceQuality "1"]

{[%evp 12,77,30,4,29,0,9,0,0,0,56,49,42,47,77,65,67,67,67,67,67,64,71,63,77,69,
68,71,75,72,81,82,79,55,69,72,83,77,77,75,80,85,83,53,53,53,108,108,127,125,
119,120,118,121,133,98,173,166,255,241,244,244,258,252,29989,29990,29990,29991]
} 1. d4 d5 2. c4 e6 3. Nf3 Nf6 4. g3 Be7 5. Bg2 O-O 6. O-O c6 7. Nc3 a5 {
E06: Closed Catalan: Early deviations.} 8. Ne5 $5 {[%mdl 4] Leaves trodden
paths.} Nfd7 {[#]} 9. Be3 $146 ({Predecessor:} 9. Nxd7 Nxd7 10. b3 b6 11. Bb2
Ba6 12. Rc1 b5 13. c5 b4 14. Nb1 Bb5 15. Nd2 {1-0 (44) Michalik,P (2583)
-Horvath,D (2446) Ceske Budejovice 2020}) 9... Nxe5 {The position is equal.}
10. dxe5 Nd7 ({Better is} 10... dxc4 $11 11. f4 Nd7) 11. cxd5 $14 cxd5 12. Bd4
Nc5 13. e4 Nxe4 14. Nxe4 dxe4 15. Bxe4 Bd7 16. Bxb7 Rb8 17. Be4 Bb5 18. Re1 Bb4
19. Re3 Qd7 {[#] aiming for ...Rfd8.} 20. a3 Be7 {Strongly threatening ...Rfd8.
} 21. Bc3 Qa7 22. Qf3 Rfd8 23. Ree1 a4 24. Rad1 Bc5 25. Kg2 Qb6 26. h4 h6 27.
g4 Be7 28. h5 Bh4 (28... Rbc8 $14) 29. Qe3 $16 Qc7 30. Bb4 Bc6 31. Rd6 {
[%cal Bd1d6,Bd6c6,Bc6c7][%mdl 32]} Bxe4+ 32. Qxe4 Be7 33. Rc6 Qb7 (33... Qa7
$16) 34. Bc3 $18 Qb3 (34... Rd5 $142 35. Rc4 (35. Qxa4 $2 Rc5 $19) 35... Bc5
36. Rxa4 Rbd8) 35. Rc7 Bg5 36. Qf3 Rf8 37. Rd1 f5 $2 {[#]} (37... Bd8 $18 38.
Rc6 f6) 38. Rdd7 Kh8 39. Rxg7 {Weighted Error Value: White=0.03/Black=0.33} 1-0

[Event "36th European Club Cup 2021"]
[Site "Struga"]
[Date "2021.09.19"]
[Round "2.7"]
[White "Svidler, Peter"]
[Black "Donchenko, Alexander"]
[Result "1/2-1/2"]
[WhiteElo "2701"]
[BlackElo "2641"]
[Annotator "TA"]
[PlyCount "69"]
[EventDate "2021.09.18"]
[EventType "team-tourn"]
[EventCountry "MKD"]
[SourceTitle "playchess.com"]
[Source "ChessBase"]
[SourceQuality "1"]

{[%evp 15,69,10,17,5,17,17,12,-18,-12,-19,-19,-12,0,-19,-22,-31,-34,-38,-37,
-44,-30,-28,0,-18,0,0,84,61,78,-84,-52,-62,-72,-91,-87,-95,-99,-98,-92,-222,
-123,-129,-69,-167,0,-79,-55,-92,0,-108,-118,-130,0,0,0,-136]} 1. e4 c5 2. Nf3
d6 3. d4 cxd4 4. Nxd4 Nf6 5. Nc3 a6 6. Bd3 e5 7. Nde2 Be7 8. O-O O-O 9. Ng3 {
B90: Sicilian Najdorf: Unusual White 6th moves, 6 Be3 Ng4 and 6 Be3 e5.} Bg4
10. Be2 Be6 11. Nd5 Nxd5 12. exd5 Bc8 {[#]} 13. f4 $146 ({Predecessor:} 13. c4
f5 14. Qc2 Qc7 15. Bd2 a5 16. Rfc1 Na6 17. f3 g6 18. a3 h5 19. Kh1 {1-0 (38)
Costa,L (2165)-Pikalow,M (2021) Willingen 2020}) 13... Nd7 14. Kh1 f5 15. a4 g6
16. a5 Bf6 17. c4 Bg7 18. b4 h5 19. Bxh5 gxh5 20. Nxh5 e4 (20... Rf7 $11 {
remains equal.}) 21. Nxg7 $16 Kxg7 22. Bb2+ (22. g4 $1 $16 {is necessary to
keep the advantage.}) 22... Nf6 $1 $17 23. Ra3 Rh8 24. c5 Bd7 25. Qd4 Kf7 26.
Rc1 Rc8 27. Rac3 {[#]} (27. Kg1 $17) 27... dxc5 ({Black should try} 27... Ng4
$1 $19 28. Kg1 Qf6 29. Qxf6+ Nxf6) 28. Rxc5 Rh6 (28... Rxc5 $17 29. bxc5 Rg8)
29. d6 (29. Rxc8 $15 Bxc8 30. Qe5) 29... Qh8 (29... Rc6 $19 {has better
winning chances.} 30. Rxc6 bxc6) 30. Kg1 $1 {Black must now prevent Rxc8.} Rxc5
31. Rxc5 {[#]} Qe8 ({Inferior is} 31... Rxh2 32. Qxf6+ Qxf6 33. Bxf6 $16) (
31... Qd8 $1 $17 32. g4 Rh4 33. gxf5 Rxf4 34. Qc4+ Kf8) 32. Re5 (32. g4 $1 $11
Rg6 33. g5) 32... Be6 33. Rc5 Bd7 ({Black should play} 33... Kf8 $17 {
Threatens to win with ...Qh5.} 34. Qd1 Bd7) 34. Re5 $11 Be6 (34... Qc8 $11 35.
Re7+ Kf8) 35. Rc5 $1 {Weighted Error Value: White=0.26/Black=0.23} 1/2-1/2